[Event "Amager Klubmesterskab Basis 2008"]
[Site "Sundbyoster"]
[Date "2008.03.25"]
[Round "7"]
[White "Gade, Jens"]
[Black "Larsen, Julie"]
[Result "1-0"]
[WhiteElo "1454"]
[BlackElo "1011"]
[PlyCount "61"]
[EventDate "2008.??.??"]

1. e4 e5 2. Nf3 Nc6 3. Bb5 Nf6 4. O-O Bc5 5. Re1 O-O 6. c3 d5 7. exd5 Qxd5 8.
Bxc6 bxc6 9. Rxe5 Qd6 10. d4 Bb6 11. Nbd2 Ba6 12. Nb3 Rfe8 13. Bf4 Qd7 14. Qd2
Ng4 15. Rg5 g6 16. Ne5 Nxe5 17. Rxe5 f6 18. Nc5 Bxc5 19. Rxc5 Re7 20. Be3 Rae8
21. d5 Qc8 22. Rxc6 Bb5 23. Rxf6 c6 24. d6 Rd7 25. Re1 a5 26. b3 a4 27. c4 Ba6
28. Kf1 Rf8 29. Qd4 Qd8 30. Bg5 h6 31. Rxg6+ 1-0

[Event "Amager Klubmesterskab Basis 2008"]
[Site "Sundbyoster"]
[Date "2008.03.25"]
[Round "7"]
[White "Friis, Jordy"]
[Black "Pedersen, Claus"]
[Result "1-0"]
[WhiteElo "1218"]
[BlackElo "1159"]
[PlyCount "59"]
[EventDate "2008.??.??"]

1. e4 e5 2. Nf3 Nf6 3. Nc3 Nc6 4. g3 Bc5 5. Bg2 O-O 6. O-O d6 7. d3 h6 8. Na4
Nd7 9. Nxc5 Nxc5 10. Be3 Ne6 11. c3 Qf6 12. d4 exd4 13. cxd4 Ne7 14. Qc2 d5 15.
e5 Qg6 16. Qxg6 Nxg6 17. Rac1 c6 18. Nd2 Bd7 19. f4 Ne7 20. f5 Ng5 21. f6 Ng6
22. fxg7 Kxg7 23. Bxg5 hxg5 24. Rf6 Rae8 25. Nf3 g4 26. Ng5 Re7 27. Rcf1 Be8
28. h4 Nh8 29. h5 Kg8 30. R1f4 1-0

[Event "Amager Klubmesterskab Basis 2008"]
[Site "Sundbyoster"]
[Date "2008.03.25"]
[Round "7"]
[White "Nielsen, Bjorn"]
[Black "Herup, Charni"]
[Result "1-0"]
[WhiteElo "1122"]
[BlackElo "1379"]
[PlyCount "139"]
[EventDate "2008.??.??"]

1. d4 Nc6 2. c4 e5 3. d5 Nce7 4. e4 Ng6 5. Nf3 Bc5 6. g3 Nf6 7. Bd3 d6 8. Nc3
a6 9. O-O Bg4 10. Be2 O-O 11. Qd3 h6 12. Be3 Bxe3 13. Qxe3 Bh3 14. Rfe1 Ng4 15.
Qd3 Qf6 16. Bf1 Bxf1 17. Kxf1 Qd8 18. Kg2 Qd7 19. Ne2 f5 20. h3 Nf6 21. Nfg1
fxe4 22. Qe3 Rf7 23. Rf1 Raf8 24. f3 exf3+ 25. Rxf3 Nxd5 26. cxd5 Rxf3 27. Nxf3
Qf5 28. Rf1 e4 29. Nd2 Qxd5 30. Qb3 Qxb3 31. Rxf8+ Kxf8 32. Nxb3 b6 33. Kf2 c6
34. Ke3 d5 35. Nd2 Kf7 36. b4 Ke6 37. Nd4+ Kd7 38. Nf5 c5 39. bxc5 bxc5 40. Nb3
Kc6 41. Nxg7 Kb5 42. Ne6 c4 43. Nbd4+ Kb4 44. Kd2 Ka3 45. Nc6 Kxa2 46. Nb4+ Kb2
47. Nxd5 a5 48. Nc5 Ne5 49. Na4+ Kb3 50. Ndc3 Nc6 51. Nc5+ Kb2 52. N3xe4 Nd4
53. Na4+ Ka3 54. Nec3 Nb5 55. Nc5 Kb4 56. N3a4 c3+ 57. Kc1 Nd4 58. g4 Nb3+ 59.
Nxb3 Kxb3 60. Nb6 Kb4 61. Kc2 Kc5 62. Na4+ Kd5 63. Nxc3+ Ke5 64. Ne2 Ke4 65.
Ng3+ Kf4 66. Nf5 Kg5 67. Nxh6 Kxh6 68. h4 Kg6 69. Kb3 Kh6 70. Ka4 1-0

[Event "Amager Klubmesterskab Basis 2008"]
[Site "Sundbyoster"]
[Date "2008.03.25"]
[Round "7"]
[White "Sorensen, Johnny"]
[Black "Larsen, Kim"]
[Result "0-1"]
[WhiteElo "1347"]
[BlackElo "1470"]
[PlyCount "86"]
[EventDate "2008.??.??"]

1. c4 f5 2. Nf3 Nf6 3. Nc3 g6 4. d4 Bg7 5. Qc2 d6 6. Bf4 b6 7. e4 fxe4 8. Nxe4
Nbd7 9. Neg5 Nf8 10. Bd3 Bd7 11. d5 Qc8 12. Ne4 Nxe4 13. Bxe4 Bf5 14. Nd2 Bxe4
15. Nxe4 Qf5 16. Bd2 O-O-O 17. O-O h6 18. Rae1 Nd7 19. b4 Rhf8 20. Bc3 Bxc3 21.
Qxc3 g5 22. Ng3 Qf6 23. Qd2 Ne5 24. Qc2 g4 25. Ne2 h5 26. Nd4 Nf3+ 27. Nxf3
gxf3 28. gxf3 Qxf3 29. Re6 Rf6 30. Rxf6 Qxf6 31. f3 Rg8+ 32. Kh1 Qg5 33. Qf2
Qf4 34. Qe2 Kd8 35. Qe4 Rf8 36. Qe2 h4 37. h3 Qf5 38. Qe6 Qf4 39. Qg4 Qf6 40.
f4 Rf7 41. f5 Rg7 42. Qh5 Rg3 43. Kh2 Qb2+ 0-1

[Event "Amager Klubmesterskab Basis 2008"]
[Site "Sundbyoster"]
[Date "2008.04.01"]
[Round "8"]
[White "Larsen, Julie"]
[Black "Christiansen, Peter"]
[Result "0-1"]
[WhiteElo "1011"]
[BlackElo "1450"]
[PlyCount "54"]
[EventDate "2008.??.??"]

1. e4 c5 2. Nf3 d6 3. Nc3 a6 4. Bc4 e6 5. O-O b5 6. Be2 Nf6 7. a3 Nc6 8. d4
cxd4 9. Nxd4 Bb7 10. Be3 Ne5 11. b3 Nxe4 12. Nxe4 Bxe4 13. c4 bxc4 14. bxc4 Be7
15. f3 Bb7 16. Rb1 Qd7 17. f4 Ng6 18. Nf3 O-O 19. c5 Rfd8 20. Rb6 dxc5 21. Ne5
Nxe5 22. fxe5 Qc7 23. Qb3 Rab8 24. Rd1 Bd5 25. Bc4 Rxb6 26. Qc2 Qxe5 27. Bf2
Qe4 0-1

[Event "Amager Klubmesterskab Basis 2008"]
[Site "Sundbyoster"]
[Date "2008.04.01"]
[Round "8"]
[White "Herup, Charni"]
[Black "Friis, Jordy"]
[Result "1-0"]
[WhiteElo "1379"]
[BlackElo "1218"]
[PlyCount "45"]
[EventDate "2008.??.??"]

1. d4 Nf6 2. Nc3 d5 3. e4 Nxe4 4. Nxe4 dxe4 5. Bc4 e5 6. Qh5 Qf6 7. Bg5 Qg6 8.
Qh4 exd4 9. O-O-O Nc6 10. Ne2 Be7 11. Bxe7 Nxe7 12. Rxd4 Be6 13. Bxe6 Qxe6 14.
Rxe4 Qd6 15. Rd1 Qc5 16. Rd5 Qb4 17. Rxb4 Nxd5 18. Re4+ Kf8 19. c4 Nf6 20. Re3
Re8 21. Rxe8+ Kxe8 22. Qg3 Ke7 23. Qxc7+ 1-0

[Event "Amager Klubmesterskab Basis 2008"]
[Site "Sundbyoster"]
[Date "2008.04.01"]
[Round "8"]
[White "Gade, Jens"]
[Black "Nielsen, Bjorn"]
[Result "1-0"]
[WhiteElo "1454"]
[BlackElo "1122"]
[PlyCount "107"]
[EventDate "2008.??.??"]

1. f4 e6 2. Nf3 Nf6 3. e3 Bc5 4. Be2 O-O 5. O-O Nc6 6. b3 d6 7. Bb2 e5 8. fxe5
Nxe5 9. Nxe5 dxe5 10. Bxe5 Be7 11. Nc3 Be6 12. Qe1 Nd5 13. Nxd5 Bxd5 14. c4 Be4
15. Rd1 Bh4 16. g3 Bg5 17. Bf3 Bxf3 18. Rxf3 Qd3 19. Qf1 Qg6 20. d3 c6 21. e4
Rfe8 22. Bf4 Bf6 23. Kg2 Bd4 24. Bd6 Re6 25. Bf4 f6 26. Be3 Be5 27. Rf5 Qe8 28.
d4 Bc7 29. e5 fxe5 30. dxe5 b6 31. Bd4 c5 32. Bc3 Qc6+ 33. Kg1 Qe8 34. Qf3 Rb8
35. Rd5 Rc8 36. Kg2 Bb8 37. Qd3 Qc6 38. Kg1 Qe8 39. Rd7 Rc7 40. Rd8 Rce7 41.
Rxe8+ Rxe8 42. Qd5 h6 43. b4 cxb4 44. Bxb4 Bxe5 45. Rxe5 Kf7 46. Rxe6 Rxe6 47.
Qd7+ Kf6 48. Bc3+ Kf5 49. g4+ Kxg4 50. Qxe6+ Kh5 51. h3 g5 52. Kg2 a6 53. Kg3
b5 54. Qf7# 1-0

[Event "Amager Klubmesterskab Basis 2008"]
[Site "Sundbyoster"]
[Date "2008.04.01"]
[Round "8"]
[White "Larsen, Kim"]
[Black "Kokholm, Henrik"]
[Result "1-0"]
[WhiteElo "1470"]
[BlackElo "1000"]
[PlyCount "65"]
[EventDate "2008.??.??"]

1. d4 Nf6 2. c4 d6 3. Nc3 g6 4. g3 c6 5. Bg2 Bg7 6. e3 O-O 7. Nge2 Bd7 8. O-O
Re8 9. Qc2 Qc7 10. a4 a5 11. b3 Na6 12. Rb1 Rab8 13. Qd2 b6 14. Rd1 e6 15. e4
Red8 16. f4 c5 17. Qe3 Ne8 18. d5 Nb4 19. dxe6 Bxe6 20. Nb5 Qd7 21. Bb2 Nc2 22.
Qd2 Nb4 23. Bxg7 Kxg7 24. Qe3 Qe7 25. Rd2 Rd7 26. Rbd1 Rbd8 27. Nec3 Nf6 28. h3
Bf5 29. Kf2 Re8 30. Nxd6 Red8 31. exf5 Qxe3+ 32. Kxe3 Re7+ 33. Kf2 1-0

[Event "Amager Klubmesterskab Basis 2008"]
[Site "Sundbyoster"]
[Date "2008.04.01"]
[Round "8"]
[White "Pedersen, Claus"]
[Black "Sorensen, Johnny"]
[Result "1-0"]
[WhiteElo "1159"]
[BlackElo "1347"]
[PlyCount "92"]
[EventDate "2008.??.??"]

1. e4 c6 2. d4 d5 3. e5 Bf5 4. Nf3 Nd7 5. Nc3 e6 6. Bd3 Ne7 7. Nh4 Bxd3 8. Qxd3
c5 9. Nb5 Nc6 10. Nf3 a6 11. Nd6+ Bxd6 12. exd6 h6 13. O-O Nb6 14. dxc5 Nd7 15.
Qc3 O-O 16. Re1 Nf6 17. Ne5 Ne4 18. Nxc6 bxc6 19. Qe3 f5 20. f3 f4 21. Qe2 Nxc5
22. b4 Qxd6 23. bxc5 Qxc5+ 24. Kh1 Rf6 25. Bb2 d4 26. Rad1 e5 27. Rd2 Rf5 28.
Qd3 Qf8 29. Qc4+ Kh8 30. Qxc6 Rf6 31. Qd5 Rd8 32. Qxe5 Qb4 33. Bc1 Rff8 34.
Red1 d3 35. Bb2 Rd7 36. cxd3 Re7 37. Qc3 Qxc3 38. Bxc3 Rfe8 39. Rb2 Re3 40. h3
Kh7 41. Kh2 h5 42. Rb3 Re2 43. Bd2 g6 44. Rb6 Rf2 45. Bc3 Ree2 46. Rg1 Rxf3 1-0

[Event "Amager Klubmesterskab Basis 2008"]
[Site "Sundbyoster"]
[Date "2008.04.08"]
[Round "9"]
[White "Kokholm, Henrik"]
[Black "Pedersen, Claus"]
[Result "0-1"]
[WhiteElo "1000"]
[BlackElo "1159"]
[PlyCount "40"]
[EventDate "2008.??.??"]

1. d4 d5 2. Nf3 Nc6 3. e3 a6 4. Bd3 Nf6 5. Nbd2 e6 6. c3 Bd6 7. O-O Qe7 8. Re1
Bd7 9. Qe2 O-O-O 10. e4 dxe4 11. Bxe4 Nxe4 12. Nxe4 h6 13. Nxd6+ Qxd6 14. Ne5
Nxe5 15. Qxe5 Qxe5 16. dxe5 Bc6 17. Be3 Rd7 18. Rad1 Rhd8 19. Rxd7 Rxd7 20. Re2
Rd1+ 0-1

[Event "Amager Klubmesterskab Basis 2008"]
[Site "Sundbyoster"]
[Date "2008.04.08"]
[Round "9"]
[White "Herup, Charni"]
[Black "Sorensen, Johnny"]
[Result "1/2-1/2"]
[WhiteElo "1379"]
[BlackElo "1347"]
[PlyCount "30"]
[EventDate "2008.??.??"]

1. d4 Nc6 2. d5 Ne5 3. e4 Nf6 4. Nc3 c6 5. Nf3 Nxf3+ 6. Qxf3 cxd5 7. e5 Ne4 8.
Nxe4 dxe4 9. Qxe4 e6 10. Bf4 Bc5 11. b4 Bb6 12. c4 O-O 13. c5 f5 14. exf6 Qxf6
15. Rd1 Qxf4 1/2-1/2

[Event "Amager Klubmesterskab Basis 2008"]
[Site "Sundbyoster"]
[Date "2008.04.08"]
[Round "9"]
[White "Nielsen, Bjorn"]
[Black "Larsen, Julie"]
[Result "0-1"]
[WhiteElo "1122"]
[BlackElo "1011"]
[PlyCount "114"]
[EventDate "2008.??.??"]

1. d4 d5 2. Nf3 Nf6 3. Nc3 Nc6 4. e3 a6 5. Be2 e6 6. O-O Bd6 7. h3 O-O 8. Re1
Ne4 9. Nxe4 dxe4 10. Ne5 Nxe5 11. dxe5 Bxe5 12. Qxd8 Rxd8 13. f3 f5 14. f4 Bf6
15. Rb1 e5 16. Rf1 Be6 17. b3 c5 18. c4 b5 19. Bb2 Rd2 20. Rf2 exf4 21. Bxf6
gxf6 22. exf4 Rxa2 23. cxb5 e3 24. Rff1 Rxe2 25. Ra1 a5 26. Rfc1 Bxb3 27. Rxc5
Ra2 28. Rac1 Be6 29. Kf1 Rf2+ 30. Kg1 Rxf4 31. b6 Rb4 32. Rc6 Bd7 33. Rxf6 Ra6
34. Re1 f4 35. Rd6 Bf5 36. Rf6 Bg6 37. Re6 Raxb6 38. Rxb6 Rxb6 39. Kh2 Rb2 40.
h4 Be4 41. Kh3 Rxg2 42. h5 Rg3+ 43. Kh4 Bf5 44. h6 Rg4+ 45. Kh3 Rg1+ 46. Kh2
Rxe1 47. Kg2 Re2+ 48. Kf1 f3 49. Kg1 Re1+ 50. Kh2 f2 51. Kg3 f1=Q 52. Kh4 Qh3+
53. Kg5 Bc8 54. Kf4 Qxh6+ 55. Ke4 Qe6+ 56. Kf3 Rf1+ 57. Kg2 Qh3# 0-1

[Event "Amager Klubmesterskab Basis 2008"]
[Site "Sundbyoster"]
[Date "2008.04.08"]
[Round "9"]
[White "Friis, Jordy"]
[Black "Gade, Jens"]
[Result "0-1"]
[WhiteElo "1218"]
[BlackElo "1454"]
[PlyCount "96"]
[EventDate "2008.??.??"]

1. d4 d5 2. c4 dxc4 3. Nf3 Nf6 4. e3 e6 5. Bxc4 b6 6. O-O Be7 7. Nc3 O-O 8. Qc2
Ba6 9. Bxa6 Nxa6 10. Ne5 Nb4 11. Qe2 c5 12. a3 cxd4 13. axb4 dxc3 14. Nc6 Qc7
15. Nxe7+ Qxe7 16. bxc3 Nd5 17. c4 Nxb4 18. Ba3 a5 19. Qb2 Qc5 20. Bxb4 axb4
21. Qd4 Rfd8 22. Rxa8 Qxd4 23. exd4 Rxa8 24. Rb1 Ra4 25. f3 Kf8 26. Kf2 Ke7 27.
c5 bxc5 28. dxc5 Kd7 29. Ke3 Kc6 30. Rc1 b3 31. Rb1 Rb4 32. Kd3 Kxc5 33. Rc1+
Kd5 34. Rb1 b2 35. Kc2 Rb8 36. Rd1+ Ke5 37. Re1+ Kf5 38. Rb1 Kf4 39. Kd3 h5 40.
Ke2 g5 41. g3+ Ke5 42. Ke3 Rb3+ 43. Ke2 f5 44. Kf2 Kd4 45. Ke2 Kc3 46. Kd1 Kd3
47. h4 gxh4 48. gxh4 f4 0-1